000 00302nam a2200133Ia 4500
999 _c13981
_d13981
003 OSt
005 20260314145431.0
008 260210s9999 xx 000 0 und d
020 _a9788492861811
100 _aAcebillo
245 0 _aGlobalization Of Urbanity
260 _bActar
_c2013
942 _cRD
_2ddc